000 00438pab a2200145 454500
008 180718b2006 xxu||||| |||| 00| 0 eng d
100 _aSonesshein, Raphael J.
245 _aBringing the state (Government) back in: home rule and the politics of secession in Los Angeles and New York City
260 _c2006
300 _ap.467-91.
362 _aMar
650 _aLocal government
773 _aUrban Affairs Quarterly
909 _a70016
999 _c70016
_d70016